House of Anubis Quiz Stats

 Plays Quiz not verified by Sporcle

Support Sporcle.
Go Orange.
Score 0/10 Timer 10:00
0 Plays Today
hint answer % Correct
What is the name of the students' clubSibuna
94.7%
Who won the School Representitive positionMara Jaffray
90%
Who is Jerome Clarke's roomateAlfred (Alfie) Lewis
89%
What is the name of Victor's black birdCorbierre
67.3%
What is Rufus Zeno's alteregoRene Zimmerman
52.3%
What did Patricia Williamson see written on the mirror'Help me Joy'
52.3%
What did Alfie Lewis throw into the firepit during his initiationJester hat
21.9%
Where did Fabian Rutter tell Alfie Lewis that he hid the ElixerUnder his mattress
21.7%
What did Fabian Rutter tell Nina Martin to do to CorbierreBend its head
7.1%
What was the title of the book that Fabian Rutter threw into the firepit during his initiationThe Solar Sysytem is Your Friend
2.4%

You're not logged in!

Compare scores with friends on all Sporcle quizzes.
OR
Log In

From the Vault

Things Your 'Friends' Said

by giveupyet

Where's a quote board when you need it?
Remove Ads.
Support Sporcle.
Get the best of Sporcle when you Go Orange. This ad-free experience offers more features, more stats, and more fun while also helping to support Sporcle. Thank you for becoming a member.

Show Comments

Extras

Created Feb 16, 2011ReportNominate
Tags:Extra, house

Top Quizzes Today


Score Distribution

Your Account Isn't Verified!

In order to create a playlist on Sporcle, you need to verify the email address you used during registration. Go to your Sporcle Settings to finish the process.

Report this User

Report this user for behavior that violates our Community Guidelines.

Details: